| 000 | 00685nam a22002057a 4500 | ||
|---|---|---|---|
| 999 |
_c128355 _d128355 |
||
| 005 | 20170814113114.0 | ||
| 008 | 170224b sp||||| |||| 00| 0 spa d | ||
| 020 | _a9788496133983 | ||
| 050 | 0 | 4 |
_aD16 .7 _bH47 2007 |
| 100 | 1 | _aHerder,Johann Gottfried | |
| 245 | 1 | 0 |
_aFilosofía de la historia para la educación de la humanidad / _cJohann Gottfried Herder ; introd. Eugenio Pucciarelli |
| 250 | _a1a ed. | ||
| 260 |
_aEspaña : _bBiblioteca Filosófica, _c2007 |
||
| 300 |
_a148 p. ; _c21 cm. |
||
| 650 | 4 |
_aHistoria _xFilosofía |
|
| 650 | 4 |
_aCivilización _xFilosofía |
|
| 650 | 4 | _aFilosofía de la Historia. | |
| 700 | 1 |
_aPucciarelli, Eugenio, _eintrod. |
|
| 942 |
_2lcc _cLIB |
||